000 00312nam a2200109 a 4500
005 20240305135616.0
008 140407s1971 000 spa d
100 1 _aDoyle, Arthur Conan,
_d1859-1930
_913006
245 0 _aAventuras de Sherlock Holmes.
260 _aMadrid -- Libra,
_c1971 -- 185 p.
999 _c43213
_d43213
040 _aDO-SdBNP